Přístup SVAR k odhadu produkční mezery - aplikace pro slovenskú ekonomiku

Základné teoretické východiská zaoberajúce sa potenciálnym produktom a produkčnou medzerou. Analýza produkčnej medzery slovenskej ekonomiky v období 1996Q1-2012Q4 pomocou vybraných SVAR modelov.

Salvato in:
Dettagli Bibliografici
Autore principale: Kloudová, Dana
Natura: Capitolo di libro
Lingua:ceco
Soggetti:
Tags: Aggiungi Tag
Nessun Tag, puoi essere il primo ad aggiungerne!!

MARC

LEADER 00000naa a2200000 4500
001 0174000
005 20231208073042.9
041 0 |a cze 
044 |a SK 
245 1 0 |a Přístup SVAR k odhadu produkční mezery - aplikace pro slovenskú ekonomiku  |c Dana Kloudová 
520 |a Základné teoretické východiská zaoberajúce sa potenciálnym produktom a produkčnou medzerou. Analýza produkčnej medzery slovenskej ekonomiky v období 1996Q1-2012Q4 pomocou vybraných SVAR modelov. 
610 2 0 |a Slovensko 
610 2 0 |a banky centrálne 
610 2 0 |a cykly hospodárske 
610 2 0 |a rovnováha hospodárska 
610 2 0 |a metódy štatistické 
100 1 |a Kloudová, Dana